Financing of ago-industrial development in India (Record no. 428025)

000 -LEADER
fixed length control field 00331cam a22001097a 4500
008 - FIXED-LENGTH DATA ELEMENTS--GENERAL INFORMATION
fixed length control field 180718b1980 xxu||||| |||| 00| 0 eng d
082 ## - DEWEY DECIMAL CLASSIFICATION NUMBER
Classification number T219604x5421 IQ 1
100 ## - MAIN ENTRY--PERSONAL NAME
Personal name Iqbal, Badar A.
245 ## - TITLE STATEMENT
Title Financing of ago-industrial development in India
Statement of responsibility, etc. by Badar A. Iqbal
260 ## - PUBLICATION, DISTRIBUTION, ETC.
Place of publication, distribution, etc. Aligarh
Name of publisher, distributor, etc. Kumar Publication
Date of publication, distribution, etc. 1980
300 ## - PHYSICAL DESCRIPTION
Extent 192+p.
Holdings
Withdrawn status Lost status Damaged status Not for loan Permanent Location Current Location Date acquired Full call number Barcode Date last seen Price effective from Koha item type
        Indian Institute of Public Administration Indian Institute of Public Administration 2009-12-03 T219604x5421 IQ 1 56310 2018-07-21 2018-07-21 Book

Powered by Koha